Culture and the development of children's action : a cultural- historical theory of developmental psychology /

Bibliographic Details
Main Author: Valsiner, Jaan
Format: Book
Language:English
Published: Chichester [West Sussex] ; New York : Wiley, [1987]
Series:Wiley series in developmental psychology and its applications.
Subjects:

MARC

Tag First Indicator Second Indicator Subfields
LEADER 00000cam a2200000 a 4500
001 in00000033186
005 20151007055141.0
008 860718s1987 enka b 00110 eng d
010 |a  86018925  
020 |a 0471905232 :  |c $38.00 (U.S.) 
035 |a (OCoLC)14000997 
035 |9 AAB7406AM 
040 |a DNLM/DLC  |c DLC  |d TXA  |d UtOrBLW 
049 |a TXAM  |c [A11088759] 
050 0 0 |a BF722  |b .V34 1987 
060 0 |a WS 105 V214c 
082 0 |a 155.4  |2 19 
100 1 |a Valsiner, Jaan. 
245 1 0 |a Culture and the development of children's action :  |b a cultural- historical theory of developmental psychology /  |c Jaan Valsiner. 
264 1 |a Chichester [West Sussex] ;  |a New York :  |b Wiley,  |c [1987] 
264 4 |c ©1987 
300 |a xvii, 258 pages :  |b illustrations ;  |c 24 cm. 
336 |a text  |b txt  |2 rdacontent 
337 |a unmediated  |b n  |2 rdamedia 
338 |a volume  |b nc  |2 rdacarrier 
490 1 |a Wiley series in developmental psychology and its applications 
504 |a Bibliography: pages 239-255. 
500 |a Includes index. 
650 0 |a Child psychology  |x Philosophy. 
650 0 |a Children  |x Nutrition  |x Psychological aspects. 
650 0 |a Children  |x Nutrition  |x Social aspects. 
650 0 |a Environmental psychology. 
830 0 |a Wiley series in developmental psychology and its applications. 
999 |a MARS 
999 f f |s 560f12bc-4bfa-35b3-a4f2-507a0d6a2cef  |i d46e801a-aa78-3eb8-8fb9-d3d4528bd961  |t 0 
952 f f |p ric  |a Texas A&M University  |b Rellis Campus  |c Joint Library Facility  |d Remote Storage  |t 0  |e BF722 .V34 1987  |h Library of Congress classification  |i unmediated -- volume  |m A14811088759 
998 f f |a BF722 .V34 1987  |t 0  |l Remote Storage